| 000 | 01599nam a2200277Ia 4500 | ||
|---|---|---|---|
| 003 | OSt | ||
| 005 | 20210728140427.0 | ||
| 008 | 130821s1994 ck a gr spa | ||
| 020 | _a9586014754 | ||
| 040 |
_aCo-BoUCM _bspa _cCO-JMCR |
||
| 041 | 0 | _aspa | |
| 082 | 0 | 4 |
_a332.46 / _bS211e _223 |
| 100 | 1 |
_aSánchez Torres, Fabio, _ecompilador _91707 |
|
| 245 | 1 | 0 |
_aEnsayos de historia monetaria y bancaria de Colombia _cFabio Sǹchez Torres, compilador. |
| 260 |
_aBogotá : _bTercer Mundo, _c1994. |
||
| 300 |
_axiv, 331 páginas : _bilustraciones y gráficos en blanco y negro ; _c23 cm. |
||
| 490 | 0 | _aHistoria Económica | |
| 504 | _aBibliografía al final de cada capitulo | ||
| 505 | 0 |
_tRegímenes monetarios variables en una economía preindustrial: Colombia 1850-1930. / _rJosé Antonio Ocampo. -- _tMoneda y política monetaria en Colombia, 1920-1939. / _rFabio Sánchez Torres. -- _tInflación y mercados cambiarios durante la regeneración y la guerra de los mil días. Un análisis econométrico. / _rAdolfo Meisel Roca. -- _tEl banco de Antioquia y el banco de Sucre 1872-1920. / _rMaría Mercedes Botero Restrepo. -- _tLos bancos de la Costa Caribe, 1873-1925. / _rAdolfo Meisel Roca. -- _tLa banca privada en Bogotá: 1870-1922. / _rCarmen Astrid Romero. -- _tBanca libre: la experiencia colombiana en el siglo XIX. / _rLina María Echeverri Pérez. |
|
| 650 | 1 | 4 |
_aBancos _zColombia _99920 |
| 650 | 2 | 4 |
_aCrďito _912109 |
| 650 | 2 | 4 |
_aFinanzas _97628 |
| 650 | 2 | 4 |
_aPolítica monetaria _zColombia _922001 |
| 700 | 1 |
_aSánchez Torres, Fabio, _ecompilador _91707 |
|
| 942 |
_cBK _2ddc |
||
| 999 |
_c12022 _d12022 |
||